Schweizer Flüsse - Sudden Death - Statistiken

Allgemein
  • Dieses Quiz wurde 165 mal gespielt
  • Das Durchschnittsergebnis liegt bei 8 aus 15
Answers on the Grid
Answers color-coded by a green-red scale on the quiz's grid according to % correct below.
Aare
Thur
Rhein
Vorderrhein
Rhone
Landquart
Inn
Limmat
Reuss
Doubs
Donau
Garonne
Zürich
Iller
Lech
Meurthe
Jagst
Oste
Pitze
Po
Eisack
Saane
Linth
Tessin
Birs
Töss
Piave
 
Antwortstatistiken
Antwort % Korrekt
Rhein
76%
Aare
74%
Rhone
74%
Thur
60%
Limmat
56%
Vorderrhein
55%
Linth
47%
Tessin
47%
Inn
46%
Reuss
46%
Saane
42%
Birs
37%
Doubs
37%
Töss
35%
Landquart
31%
Keine übereinstimmenden Quizze gefunden
Verteilung der Resultate
Anzahl Personen mit jedem Resultat
Perzentil nach korrekt beantworteten Fragen
Ihre Resultats-Entwicklung
Sie haben dieses Quiz noch nicht gespielt